00465nam a2200145 a 450000500170000000800410001705000180005810000160007624500310009226000400012330000070016344000220017099900190019295201080021120140412111409.0070807s19uu xx 00 eng d aERbCo73 2005 aGreen, John aComic zone. /cJohn Green. aU.S.A :bDisney interprises,c2005. a96 aDisney adventures c105631d105631 001040aELbELcERd2007-08-07eDonationl0oER Co73 2005pE10471r2014-04-12 00:00:00w2014-04-12yBK